Giáo trình sửa chữa máy photocopy

Nhằm cung cấp những kiến thức cơ bản về nguyên lý hoạt động, bảo trì, sửa chữa và thay thế phụ kiện máy Photocopy analog.

Gardado en:
Detalles Bibliográficos
Autor Principal: Dân Trí
Formato: Libro
Idioma:Undetermined
Publicado: Hà Nội Thông tin và Truyền thông 2009
Những chủ đề:
Các nhãn: Engadir etiqueta
Sen Etiquetas, Sexa o primeiro en etiquetar este rexistro!
Thư viện lưu trữ: Trung tâm Học liệu Trường Đại học Cần Thơ
LEADER 00812nam a2200217Ia 4500
001 CTU_159139
008 210402s9999 xx 000 0 und d
020 |c 80000 
082 |a 681.65071 
082 |b D121/T.1 
100 |a Dân Trí 
245 0 |a Giáo trình sửa chữa máy photocopy 
245 0 |c Dân Trí, Nhật Uy 
260 |a Hà Nội 
260 |b Thông tin và Truyền thông 
260 |c 2009 
520 |a Nhằm cung cấp những kiến thức cơ bản về nguyên lý hoạt động, bảo trì, sửa chữa và thay thế phụ kiện máy Photocopy analog. 
650 |a Photocopying machines 
650 |x Maintenance and repair 
904 |i Bé Ba, Bạch Trúc 
980 |a Trung tâm Học liệu Trường Đại học Cần Thơ